| 000 | 00587nam a22001937a 4500 | ||
|---|---|---|---|
| 003 | OSt | ||
| 005 | 20260205062245.0 | ||
| 008 | 260205b |||||||| |||| 00| 0 eng d | ||
| 020 | _a9780-521705738 | ||
| 040 |
_aDWCL-Main Lib _cOC |
||
| 082 | _aCirc. 415 D779 2008 | ||
| 100 | _aDriscoll, Liz | ||
| 245 | _aReal reading 3 : with answers | ||
| 260 |
_aNew York : _bCambrdge University Press, _cc 2008. |
||
| 300 |
_a108 pages : _bcolor illustrations ; _c27 cm. |
||
| 490 | _aCambridge English Skills Series. | ||
| 650 | _aGrammar - English language. | ||
| 942 |
_2ddc _cBK-CIRC _mCirc. _n0 |
||
| 999 |
_c8294 _d8294 |
||